00576nam a22002057a 450000500170000001000130001702000220003003500130005203700160006504000120008108200100009310000220010324500560012526000480018127000380022930000230026750000490029065000180033965000130035720170124105938.0 aA-609192 c00.00a8185574057 aA-609192 bCen Lib/Ret aDPLbEN a230.3 aVattanky,S.J.John aDevelopment of Nyaya theism /cby John Vattanky S.J aNew DelhibIntercultural publicationsc1993 a15A/30,W.E.A.,bNew Delhie110005 axi,199p.c21cm(Hb) aIncludes bibliographical reference and index a Nyaya theism aHinduism